Hacia una ontología social del cuerpo en Butler: análisis y límites (Record no. 181579)

MARC details
000 -CABECERA
campo de control de longitud fija 02019nab a2200277 a 4500
005 - FECHA Y HORA DE LA ÚLTIMA TRANSACCIÓN
campo de control 20250703131110.0
008 - ELEMENTOS DE LONGITUD FIJA--INFORMACIÓN GENERAL
campo de control de longitud fija 991125c2015 sp ar p o 000 0 spa d
035 ## - NÚMERO DE CONTROL DEL SISTEMA
Número de control de sistema UPN01000209478
040 ## - FUENTE DE LA CATALOGACIÓN
Centro catalogador/agencia de origen MX-MxUPN
Lengua de catalogación spa
Centro/agencia transcriptor MX-MxUPN
Normas de descripción aacr2
049 ## - COLECCIÓN
Colección ART-E
100 1# - ASIENTO PRINCIPAL--NOMBRE PERSONAL
Nombre de persona Oliva Portolés, Asunción
100 1# - ASIENTO PRINCIPAL--NOMBRE PERSONAL
Filiación mariasuncion75@gmail.com
245 10 - MENCIÓN DE TÍTULO
Título Hacia una ontología social del cuerpo en Butler: análisis y límites
506 0# - NOTA DE RESTRICCIONES AL ACCESO
Limitaciones de acceso Acceso abierto
520 3# - NOTA DE RESUMEN, ETC.
Sumario, etc. Este artículo analiza la pervivencia histórica del dualismo platónico alma-cuerpo y el momento histórico en que fue superado, posibilitando el análisis de la concepción del cuerpo libre ya de su contraposición con el alma o la mente. Michel Foucault y las teóricas feministas del siglo XX que efectuaron la crítica a un sujeto sin “carne”, consiguieron modificar la perspectiva de lo corporal. Entre todas las teóricas feministas que han tratado el cuerpo he escogido a Butler quien, en mi opinión, supera las concepciones de D. Haraway y R. Braidotti sobre esta cuestión. Esta autora, no sin elementos discutibles, ha ido elaborando a lo largo de su obra una teoría que ella denomina “ontología social del cuerpo”. Sin embargo, uno de los elementos que me parece más problemático en Butler es el alto grado de abstracción de sus propuestas y la desafortunada crítica al concepto de patriarcado. Por ello al final lo contrasto con otros planteamientos como los de Mohanty y Eisenstein, y sobre todo, los de Celia Amorós, que me parecen más cercanos a las necesidades de un feminismo en la era de la globalización
650 #4 - ASIENTO SECUNDARIO DE MATERIA - TERMINO TEMATICO
Término de materia o nombre geográfico como elemento de entrada Patriarcado
9 (RLIN) 16321
650 #4 - ASIENTO SECUNDARIO DE MATERIA - TERMINO TEMATICO
Término de materia o nombre geográfico como elemento de entrada Feminismo
9 (RLIN) 8967
650 #4 - ASIENTO SECUNDARIO DE MATERIA - TERMINO TEMATICO
Término de materia o nombre geográfico como elemento de entrada Poder (Ciencias sociales)
9 (RLIN) 1203
653 0# - TERMINO DE INDIZACION - NO CONTROLADO
Término no controlado Cuerpo humano
653 0# - TERMINO DE INDIZACION - NO CONTROLADO
Término no controlado Ontología social
773 ## - ENLACE AL DOCUMENTO FUENTE/ENTRADA DE REGISTRO ANFITRIÓN
Parte(s) relacionada(s) Vol. 6 (2015), p. 85-107
Título Investigaciones feministas
Número Internacional Normalizado para Publicaciones Seriadas 2171-6080
856 4# - LOCALIZACIÓN Y ACCESO ELECTRÓNICOS
Identificador Uniforme del Recurso <a href="https://revistas.ucm.es/index.php/INFE/article/view/51381">https://revistas.ucm.es/index.php/INFE/article/view/51381</a>
902 ## - ELEMENTOS DE DATOS B LOCAL, LDB (RLIN)
Creó Gloria Jiménez/030725
905 ## - TIPO DE MATERIAL
Tipo de material Articulo
942 ## - ELEMENTOS DE PUNTO DE ACCESO ADICIONAL (KOHA)
Tipo de ítem Koha Artículo Electrónico
Holdings
Estado de retiro Estado de pérdida Estado dañado No para préstamo Código de colección Localización permanente Ubicación/localización actual Ubicación en estantería Fecha de adquisición Total de préstamos Fecha visto por última vez Identificador Uniforme del Recurso Precio válido a partir de Tipo de ítem Koha
        Acceso abierto Bib. Gregorio Torres Quintero Bib. Gregorio Torres Quintero En línea 03/07/2025   03/07/2025 https://revistas.ucm.es/index.php/INFE/article/view/51381 03/07/2025 Artículo Electrónico